000 02744nam a22003134c 4500
003 AR-BaSMT
008 260327b2025 aga|||br|||| 001 1bspa d
020 _a9789877674606
040 _aBSGB
_bespañol
_cBSGB
_erda
041 0 _aspa
_hespañol
080 _a82-34
100 1 _aVargas, Sebastián
_929
245 1 4 _aLos ojos del dragón
250 _aPrimera edición
264 1 _aBuenos aires :
_bPlaneta lector ,
_c2025
300 _a104 páginas ;
_bilustraciones blanco y negro
336 _2rdacontent
_atexto
_btxt
337 _2rdamedia
_asin mediación
_bn
338 _2rdacarrier
_avolumen
_bnc
490 _aPlaneta azul
505 _a1. Rumores "Camino escuchado, camino dicho", página 9 2. Perseverar "Desgastar un palo hasta volverlo aguja", página 13 3. Salir al mundo "El sapo del fondo del pozo", página 17 4. No olvidar el objetivo " El carro al sur para el norte", página 21 5. Temeridad "Trazar los ojos en el dibujo del dragón", página 24 6. Iniciativa propia "Ocho inmortales cruzan el mar", página 28 7. Esconderse "La flauta que sobra completa el número", página 32 8. Adaptarse a los cambios "Tres a la mañana, cuatro a la tarde", página 36 9. Moderación "El viejo Sai perdió su caballo", página 40 10. Autoengaño "Taparse las orejas para robar la campana", página 45 11. Fanfarronear "Al duque Ye le gustan los dragones", página 48 12. Esmero "La ropa del cielo no tiene costuras", página 51 13. Terquedad " La garza y la ostra se pelean", página 54 14. Astucia " El zorro toma prestado el poder del tigre", página 58 15. Apariencias " "Un ojo de pez se parece a una perla", página 62 16. Desperdicios " Tocar el arpa para las vacas", página 66 17. Experiencia " Caballo viejo conoce el camino", página 70 18. Conocimientos teóricos " Buscar un corcel por el dibujo", pagina 73 19. Éxito repentino "Un solo silvido sorprende a la gente", página 78 20. Sentido común "Construir el salón del edificio en el cielo", página 81 Para saber un poco más sobre los proverbios chinos, página 85
520 1 _aWang, el más pequeño de la familia Fu, es muy inquieto y curioso. Entre los rumores del pueblo y lo que escucha por los caminos, descubre los proverbios que usa su gente al hablar, frases que surgen de historias fantásticas y sus enseñanzas... Pero vayan con cuidado: no se apuren a trazar los ojos en el dibujo del dragón, porque los libros no muerden pero sí transforman…
_uhttps://www.planetalector.com.ar/libros/los-ojos-del-dragon/407834/ 27/03/2025
521 _aA partir de 8 años
650 7 _98
_aLITERATURA INFANTIL
650 7 _923
_aCUENTO
_zArgentina
653 _aProverbios chinos
942 _2ddc
_aBOOK
999 _c604
_d604